000 00766nam a2200253Ia 4500
003 OSt
005 20220930073057.0
006 a|||||r|||| 00| 0
007 ta
008 220926b |||||||| |||| 00| 0 eng d
024 _a27917
037 _cTheses
040 _aCRL
_cCRL
_beng
041 _2eng
_aeng
100 _aGupta S M
_9531000
110 _aUniversity of Delhi. Faculty of Medical Sciences. Department of Medicine
245 0 _aIntestinal injury in acute gastroenteritis
260 _c1968
650 _aMEDICINE
700 _a Dr H K Chuttani Supervisor
_9523270
700 _aUniversity of Delhi. Faculty of Medical Sciences. Department of Medicine
942 _cDIS
_2CC
999 _c864647
_d864647